书目信息 |
| 题名: |
难以捉摸的中微子
|
|
| 作者: | 伯恩斯坦 , Bernstein 著 ;戎启新 译 | |
| 分册: | ||
| 出版信息: | 北京 科学出版社 1980 |
|
| 页数: | 86页 | |
| 开本: | 19cm | |
| 丛书名: | ||
| 单 册: | ||
| 中图分类: | O572.32 | |
| 科图分类: | ||
| 主题词: | 核物理学 , 高能物理学 | |
| 电子资源: | ||
| ISBN: | ||
| 000 | 00763nam0 2200277 45 | |
| 001 | 0180005364 | |
| 005 | 20040517165857.0 | |
| 010 | @dCNY0.32 | |
| 091 | @a13031.1453 | |
| 100 | @a19950627d1980 emky0chiy0121 ea | |
| 101 | 1 | @achi@ceng |
| 102 | @aCN@b110000 | |
| 105 | @ay z 000yy | |
| 106 | @ar | |
| 200 | 10 | @a难以捉摸的中微子@Anan yi捉 mo de zhong wei zi@f(美)伯恩斯坦(J. Bernstein)著@g戎启新译 |
| 210 | @a北京@c科学出版社@d1980 | |
| 215 | @a86页@d19cm | |
| 606 | 0 | @a核物理学 |
| 606 | 0 | @a高能物理学 |
| 690 | @aO572.32 | |
| 701 | 1 | @a伯恩斯坦@Abo en si tan@bJ.@4著 |
| 701 | A1 | @aBernstein@bJ.@4著 |
| 702 | 0 | @a戎启新@Arong qi xin@4译 |
| 801 | 0 | @aCN@b上海图书馆@c20040517 |
| 801 | 2 | @aCN@bNLC@c20040517 |
| 905 | @f2@b59585-586@dO572.32@e5 | |
| 难以捉摸的中微子/(美)伯恩斯坦(J. Bernstein)著/戎启新译.-北京:科学出版社,1980 |
| 86页;19cm |
| ISBN :CNY0.32 |
| ● |
| 相关链接 |
|
|
|
|
正题名:难以捉摸的中微子
索取号:O572.32/5
 
预约/预借
| 序号 | 登录号 | 条形码 | 馆藏地/架位号 | 状态 | 备注 |
| 1 | 0059585 | 001452172 | 第三借阅区/ [索取号:O572.32/5] | 在馆 | |
| 2 | 0059586 | 001452127 | 第二样本阅览室/ [索取号:O572.32/5] | 在馆 | |
| 3 | 0059587 | 001452118 | 第二样本阅览室/ [索取号:O572.32/5] | 在馆 |